000 00772cam a2200241 a 4500
020 _a9780896292017 (alk. paper)
040 _cDNAL
082 0 0 _a362 INT 2012 C146 Or.
100 1 _aAdato, Michelle.
245 1 0 _aSocial protection and cash transfers to strengthen families affected by HIV and AIDS /
260 _aWashington, D.C. :
_bInternational Food Policy Research Institute,
_c2012.
300 _axviii, 217 p. :
_bill. ;
_c24 cm.
490 1 _aIFPRI research monograph
650 0 _aHIV infections
650 0 _aHIV infections
650 0 _aHIV infections
650 0 _aAIDS (Disease)
650 0 _aAIDS (Disease)
650 0 _aAIDS (Disease)
700 1 _aBassett, Lucy.
710 2 _aInternational Food Policy Research Institute.
942 _cAEDBB
999 _c18467
_d18467